| 000 | 01167nam a22003017a 4500 | ||
|---|---|---|---|
| 001 | 8293 | ||
| 003 | FISKH | ||
| 005 | 20250908150143.0 | ||
| 008 | 250908b cb ||||| |||| 00| 0 eng d | ||
| 020 | _a9780091717308 | ||
| 040 |
_aFISKH _beng _cFISKH _dFISKH |
||
| 082 | _a839.82374 | ||
| 100 | _aProysen, Alf | ||
| 245 |
_aMrs Pepperpot and the hidden treasure / _cBy Alf Proysen : Illustrated by David Arthur |
||
| 260 |
_aLondon : _bA Red Fox Book , _c1960. |
||
| 300 |
_a32 unnumbered pages : _bcolor illustrations ; _c20 cm . |
||
| 490 |
_aMrs. Pepperpot _v5 |
||
| 505 | _aK | ||
| 520 | _aMrs Pepperpot has a problem -- poor Mrs Pepperpot has shrunk again! Puss wants to show her some treasure, in the neighbour's barn and they set off with Mrs Pepperpot holding tight to Puss's back. Together they have to dodge angry magpies, snowballs and next door's dog. But when they reach the treasure it's all worth it! | ||
| 521 | 8 |
_a510
_bLexile estimate |
|
| 521 | 8 |
_aK
_bRaz-Plus |
|
| 650 |
_aDogs _vFiction |
||
| 650 |
_aCats _vFiction |
||
| 650 |
_aAnimals _vFicton |
||
| 700 | _aArthur, David | ||
| 942 |
_2ddc _cBK _n0 |
||
| 999 |
_c8293 _d8293 |
||